书目信息 |
| 题名: |
约翰·克利斯朵夫
|
|
| 作者: | 罗曼·罗兰 , Romain Rolland , 罗曼·罗兰 , Romain Rolland 著 ;傅雷 译 | |
| 分册: | ||
| 出版信息: | 北京 人民文学出版社 1957.01 |
|
| 页数: | 391页 | |
| 开本: | 19cm | |
| 丛书名: | ||
| 单 册: | ||
| 中图分类: | I565.4 , I565.44 | |
| 科图分类: | ||
| 主题词: | 长篇小说 , 长篇小说--法国--近代 , 文学 | |
| 电子资源: | ||
| ISBN: | 7-80657-331-3 | |
| 000 | 00917nam0 2200301 450 | |
| 001 | 0104000024 | |
| 005 | 20071120091318.94 | |
| 010 | @a7-80657-331-3@dCNY4.30 | |
| 100 | @a20051124e1957 em y0chiy0110 ea | |
| 101 | 1 | @achi@cfre |
| 102 | @aCN@b110000 | |
| 102 | @aCN@b110000 | |
| 105 | @ay z 000aa | |
| 200 | 1 | @a约翰·克利斯朵夫@9yue han· ke li si duo fu@f罗曼·罗兰著@fRomain Rolland@Fluo man·luo lan zhu@g傅雷译 |
| 210 | @a北京@c人民文学出版社@d1957.01 | |
| 215 | @a391页@f427,518,459,397页)@d19cm | |
| 606 | 0 | @a长篇小说 |
| 606 | 0 | @a长篇小说@y法国@z近代 |
| 606 | 0 | @a文学 |
| 690 | @aI565.4@v4 | |
| 690 | @aI565.44@v4 | |
| 701 | 0 | @a罗曼·罗兰@9luo man· luo lan@4著 |
| 701 | 0 | @aRomain Rolland@4著 |
| 701 | 0 | @a罗曼·罗兰@Aluo man·luo lan@4著 |
| 701 | 0 | @aRomain Rolland |
| 702 | 0 | @a傅雷@9fu lei@4译 |
| 801 | 0 | @aCN@b北京荣雅伟业图书经销中心@c20071120 |
| 905 | @aBZT@dI565.4@e3017 | |
| 约翰·克利斯朵夫/罗曼·罗兰著/Romain Rolland/傅雷译.-北京:人民文学出版社,1957.01 |
| 391页;19cm |
| ISBN 7-80657-331-3:CNY4.30 |
| ● |
| 相关链接 |
|
|
|
正题名:约翰·克利斯朵夫
索取号:I565.4/3017
 
预约/预借
| 序号 | 登录号 | 条形码 | 馆藏地/架位号 | 状态 | 备注 |
| 1 | 020670 | 200865055 | 中心书库中库/打包BH0158/ [索取号:I565.4/3017] | 在馆 |